MDQL
is popping MORE tags! Check the
thread
!
Quizzes
Events
Quiz Creation
Community
Videos
Private Events
Remove Ads
Sign In
Join for FREE
Feedback
Dark Mode
Quiz Categories
Sports
Geography
Music
Movies
Television
Just For Fun
Miscellaneous
History
Literature
Language
Science
Gaming
Entertainment
Religion
Holiday
For Kids
Quiz Lab
Recent
Popular Today
Quiz Kudos Today
Editor Picks
Curator Picks
Quizzes by...
Day
Popularity
Type
Ratings
Length
Year
Community
Subscriptions
Recent Discussions
Orange Saloon
Badges
Playlists
Quests
Create
Leaderboards
Showdown
Live 5
Trivia Bingo
Activity
Puzzle Library
Sporcle Events
Private Events
Virtual Trivia
Globe League
Become a Host
Pub Owners
SporcleCon
Opinionation
Our Games
Videos
Blog
Mobile Apps
Partnerships
Remove Ads and Go Orange
Feedback
Sports
Athletes
MLB
NBA
NHL
NFL
Soccer
Sports Teams
WWE
NCAA
Football
Premier League
Basketball
Baseball
Hockey
Golf
Tennis
Cricket
Rugby
Auto Racing
Olympics
World Cup
Sports
Athletes
MLB
NBA
NHL
NFL
Soccer
Sports Teams
WWE
NCAA
Football
Premier League
Basketball
Baseball
Hockey
Golf
Tennis
Cricket
Rugby
Auto Racing
Olympics
World Cup
Random Quiz
Search Sporcle
×
Quiz Lab
Quiz Lab
Sports
Basketball
Type in answers that appear in a list
Type in answers that appear in a list
Classic
Best Score? Go Orange.
NBA East All Stars 2013 Stats
Can you name the NBA East All Stars of 2013?
By
elilome
8m
13 Questions
56 Plays
56 Plays
56 Plays
Comments
Comments
Give Quiz Kudos
Give Quiz Kudos
-
- Ratings
hide this ad
Replay
Link that replays current quiz
Next Quiz
Link to next quiz in quiz playlist
You Got
0%
They Got
Avg Score
65%
Avg Friend Score
Upgrade to see
Score Distribution
Jump to the score distribution portion of the page
Score
0/13
Timer
08:00
0
Plays Today
Postion
All Star
% Correct
SF
LeBron James
100%
SG
Dwyane Wade
93.5%
SF
Carmelo Anthony
93.5%
SG-
SF
Paul George
87.1%
C
Chris Bosh
87.1%
PG
Kryie Irving
80.6%
C
Joakim Noah
74.2%
PG
Rajon Rondo
71%
PF
Kevin Garnett
71%
C
Brook Lopez
64.5%
C
Tyson Chandler
54.8%
SF
Loul Deng
41.9%
PG
Jrue Holiday
35.5%
Quiz Playlist
Details
Report
Send in Message
Add To Playlist
Classic:
Type in answers that appear in a list
Last Updated: Feb 16, 2017
Quiz Scoreboard
CHALLENGE
Sign Up to Join the Scoreboard
Show All
Scores
Hide
Comments
May contain spoilers
Recently Published
1-10 Letter E Words III
by El_Dandy
Language
2m
Street Fighter Characters
by Artimus82
Gaming
60s
College Basketball Coaching Resumes
by pancakes188
Sports
9m
More to Explore
Quiz From the Vault
Featured Blog Post
Where Did the Easter Bunny Come From?
hide this ad
You Might Also Like...
Tags
Basketball Quiz
NBA Quiz
small
Starting
team
Toward
Today's Top Quizzes in Sports
Browse Sports
hide this ad
Today's Top Quizzes in Basketball
Browse Basketball
Top Contributed Quizzes in Sports
1
2022 World Cup Stars
2
Les meilleurs buteurs des matchs entre le PSG et l’OM
3
FIFA Club World Cup Champions
4
Les entraîneurs de l'OM et du PSG au 21e siècle
5
Criteria MLB: Left Handed Sluggers
6
2023 MLB Unique Player Accomplishments
7
AFC Teams Reveal (Wrong Answers Minefield)
8
Players with Multiple 50 Home Run Seasons
9
5-to-1: FBS Animal Nicknames
10
5-to-1: UK Sports Teams
Explore More
Trending Topics
Crossword
Disney
Marvel
Anime
Harry Potter
Kpop
NBA
Puzzle
Soccer
Song
NFL
WWE
Pokémon
The Office
Country
hide this ad
More By:
elilome
Quiz
Plays
Rating
Category
Featured
Created
The Roster of the First Dream Team
61
5.00
Sports
Aug 8, 2013
NBA East All Stars 2013
56
3.00
Sports
Aug 5, 2013
NBA West All Stars 2013
54
2.80
Sports
Aug 7, 2013
Go to Creator's Profile
Score Distribution
Quiz Creator Spotlight
elilome
Follow
Send a Message
Quizzes Created
-
Created Quiz Play Count
-
More By This Creator
Popular Quizzes Today
1
Find the US States - No Outlines Minefield
2
Find the Countries of Europe - No Outlines Minefield
3
The Countries of the World
4
Find the US States
5
Risky Map Clicking: Biggest States A-Z
6
US States
7
Popular People in 1961
8
Movies - When Are They Set?
More Sports Quizzes
Every Champions League Scorer for 2018/19?
Quiz Lab
Trending Quizzes
Risky Map Clicking: Least Populous States A-Z
Billboard Blitz: Aretha Franklin
Famous Russians: Author or Composer?
1-10 Letter G Words
Countries of the World: 200 Million BC
Recently Updated
Leaping Animals
pecheneg
Reality TV Shows (A-Z)
bhenderson79
Rickey Henderson's Hall of Fame Teammates
pecheneg
Champions League XIs: Arsenal
pecheneg
Quick Pick: Celebrities in WWE's Hall of Fame
aduchscher
A-Z Keypad Blitz II
pecheneg
Multiple Oscar Actors
pecheneg
Mystery Phrase Blitz: Oscar 'Best Actors'
pecheneg
F. Scott Fitzgerald Novels
LTH
Pick 3 Villains
ddd62291
Trending Topics
Marvel
Disney
Anime
Harry Potter
Kpop
NBA
Crossword
Pokémon
WWE
Song
NFL
The Office
Soccer
Puzzle
Country
Your Account Isn't Verified!
In order to create a playlist on Sporcle, you need to verify the email address you used during registration. Go to your
Sporcle Settings
to finish the process.
Report this User
Report this user for behavior that violates our
Community Guidelines
.
Details:
Send Report
Go to the Sporcle.com Mobile Site →
Comments